Noncovalent interactions in catalysis /

Bibliographic Details
Corporate Author: ProQuest (Firm)
Other Authors: Mahmudov, Kamran T., 1980- (Editor), Kopylovich, Maximilian N., 1970- (Editor), Guedes da Silva, M. Fátima C., 1958- (Editor), Pombeiro, A. J. L. (Armando J. L.) (Editor)
Format: eBook
Language:English
Published: London, UK : Royal Society of Chemistry, [2019]
Series:RSC catalysis series ; no. 36.
Subjects:
Online Access:Connect to the full text of this electronic book

MARC

Tag First Indicator Second Indicator Subfields
LEADER 00000cam a2200000Ii 4500
001 in00004074591
006 m o d
007 cr cnu---unuuu
008 190312s2019 enk ob 001 0 eng d
005 20250816205802.6
020 |a 9781788017510  |q (electronic bk.) 
020 |a 178801751X  |q (electronic bk.) 
020 |a 9781788016490  |q (PDF ebook) 
020 |a 1788016491  |q (PDF ebook) 
020 |z 1788014685 
020 |z 9781788014687 
024 8 |a 99980584145 
035 |a (NhCcYBP)ebc5726352 
037 |a 3-178-9781788017510  |b Ingram Content Group 
037 |a 5436:5285  |b Royal Society of Chemistry  |n http://www.rsc.org/spr 
040 |a NhCcYBP  |c NhCcYBP  |d UtOrBLW 
050 4 |a QD469  |b .N65 2019 
066 |c (S 
072 7 |a SCI  |x 013050  |2 bisacsh 
072 7 |a PNRD  |2 bicssc 
082 0 4 |a 541.224  |2 23 
245 0 0 |a Noncovalent interactions in catalysis /  |c edited by Kamran T. Mahmudov, Maximilian N. Kopylovich, M. Fátima C. Guedes da Silva, Armando J.L. Pombeiro. 
264 1 |a London, UK :  |b Royal Society of Chemistry,  |c [2019] 
300 |a 1 online resource. 
336 |a text  |b txt  |2 rdacontent 
337 |a computer  |b c  |2 rdamedia 
338 |a online resource  |b cr  |2 rdacarrier 
490 1 |a Catalysis series,  |x 1757-6725 ;  |v 36 
504 |a Includes bibliographical references and index. 
588 |a Online resource; title from PDF title page (EBSCO, viewed March 15, 2019). 
505 0 |a Intro; Title; Half Title; Series Editor; Copyright; Preface; Contents; Chapter 1 Noncovalent Interactions in C-H Bond Functionalization 1; 1.1 Introduction; 1.2 C-H Bond Functionalization in Alkanes; 1.3 C-H Bond Functionalization in Alkenes; 1.4 C-H Bond Functionalization in Alkynes; 1.5 C-H Bond Functionalization in Aromatic Compounds; 1.6 C-H Bond Functionalization in Heterocyclic Compounds; 1.7 C-H Bond Functionalization in Aldehydes and Ketones; 1.8 Conclusion; Acknowledgements; References; Chapter 2 Importance of C-H Hydrogen Bonding in Asymmetric Catalysis 26; 2.1 Introduction 
505 8 |a 3.3.2 Networks of Cooperative Hydrogen Bonds (NCHBs) in Proton Transfer and Proton Transport3.4 Conclusion; Acknowledgements; References; Chapter 4 Secondary (Agostic Si-H/Electrostatic C-F) Interactions in Alkaline Earth-based Catalysts 94; 4.1 Introduction; 4.2 Design of Alkaline Earth Precatalysts; 4.2.1 General Considerations; 4.2.2 Noncovalent Interactions for Alkaline Earth Precatalysts; 4.3 Alkaline Earth (Pre)catalyst Performance in Catalysis; 4.3.1 Catalysts and Precatalysts; 4.3.2 Hydroamination Catalysis; 4.3.3 Hydrophosphination Catalysis; 4.3.4 Other Types of Catalysis 
500 |a Electronic resource. 
650 0 |a Valence (Theoretical chemistry)  |0 http://id.loc.gov/authorities/subjects/sh85141821 
650 0 |a Catalysis.  |0 http://id.loc.gov/authorities/subjects/sh85020938 
655 7 |a Electronic books.  |2 local 
700 1 |a Mahmudov, Kamran T.,  |d 1980-  |e editor.  |0 http://id.loc.gov/authorities/names/no2015150138 
700 1 |a Kopylovich, Maximilian N.,  |d 1970-  |e editor.  |0 http://id.loc.gov/authorities/names/no2015150038 
700 1 |a Guedes da Silva, M. Fátima C.,  |d 1958-  |e editor.  |0 http://id.loc.gov/authorities/names/no2018170165 
700 1 |a Pombeiro, A. J. L.  |q (Armando J. L.),  |e editor.  |0 http://id.loc.gov/authorities/names/n92106991 
710 2 |a ProQuest (Firm)  |0 http://id.loc.gov/authorities/names/n2007068018 
776 1 8 |i Print version:  |t NONCOVALENT INTERACTIONS IN CATALYSIS.  |d [Place of publication not identified], ROYAL Society OF CHEMISTR, 2019  |z 1788014685 
830 0 |a RSC catalysis series ;  |v no. 36.  |0 http://id.loc.gov/authorities/names/no2008189149 
856 4 0 |u https://ebookcentral.proquest.com/lib/tamucs/detail.action?docID=5726352  |z Connect to the full text of this electronic book  |t 0 
880 8 |6 505-00/(S  |a 4.4 ConclusionReferences; Chapter 5 Anion-π Catalysis 122; 5.1 Introduction; 5.2 Results and Discussion; 5.2.1 Physical Nature of the Anion-π Interaction; 5.2.2 Anion-π Catalysis; 5.2.3 Anion-π Asymmetric Catalysis; 5.2.4 Anion-π Transaminase Mimics; 5.2.5 Electric Field-assisted Anion-π Catalysis; 5.2.6 Anion-π Catalysis of Diels-Alder Reactions; 5.2.7 Anion-π Fullerene Catalysis; 5.2.8 Synergistic Anion-(π)n-π Catalysis; 5.3 Conclusion; Acknowledgements; References; Chapter 6 Onium Ion-assisted Organic Reactions Through Cation-π Interactions 137; 6.1 Introduction 
880 8 |6 505-00/(S  |a 6.2 Catalytic Reactions via Cation-π-stabilized Intermediates6.2.1 Enamine Intermediates; 6.2.2 Pyridinium Ylides; 6.2.3 N-Heterocyclic Carbenes; 6.2.4 N-Acyl-DMAP Derivatives; 6.3 Onium Ion-assisted Reactions; 6.3.1 Michael Addition; 6.3.2 Carbonyl Reduction; 6.3.3 Strecker Reaction; 6.3.4 Alkyne Cyclization; 6.3.5 Michael-Friedel-Crafts Reaction; 6.3.6 Aromatic Nucleophilic Substitution Reaction; 6.3.7 Photocyclization; 6.3.8 Elimination; 6.3.9 Ring-closing Metathesis; 6.4 Conclusion; References; Chapter 7 The Role of Noncovalent Interactions in the Efficiency of Dendrimers in Catalysis 153 
880 8 |6 505-00/(S  |a 2.2 Historical Background of C-H Hydrogen Bonds2.3 Computational Analysis of C-H Hydrogen Bonds in Asymmetric Catalysis; 2.4 Asymmetric Organometallic Catalysis Controlled by C-H Hydrogen Bonding; 2.5 Asymmetric Organocatalysis Controlled by C-H Hydrogen Bonding; 2.6 Conclusion; Acknowledgements; References; Chapter 3 Catalysis by Networks of Cooperative Hydrogen Bonds 66; 3.1 Introduction; 3.2 The Concept of Cooperativity; 3.3 Hydrogen Bond Cooperativity; 3.3.1 σ and π Cooperative Hydrogen Bonds: Evidence 
955 |a YBP purchased firm e-records 
980 |b 275.00  |g 1 
987 |a ybp16105181 
999 f f |s 27a68f3e-6c9b-38ef-b750-69ed54e2f1d6  |i 381c682f-7c41-3e35-bdaa-f5a12850b7e9  |t 0 
952 f f |a Texas A&M University  |b College Station  |c Electronic Resources  |d Available Online  |t 0  |e QD469 .N65 2019  |h Library of Congress classification 
998 f f |a QD469 .N65 2019  |t 0  |l Available Online